[Event "Avoine op 34th"]
[Site "Avoine"]
[Date "2019.07.20"]
[Round "3"]
[White "Lejarre, Ludovic"]
[Black "Flachet, Thierry"]
[Result "1-0"]
[WhiteElo "2345"]
[BlackElo "2043"]
[PlyCount "82"]
[EventDate "2019.07.20"]
[EventType "swiss"]
[EventRounds "9"]
[EventCountry "FRA"]
[SourceTitle "EXT 2020"]
[Source "ChessBase"]
[SourceDate "2019.10.17"]
[SourceVersion "1"]
[SourceVersionDate "2019.10.17"]
[SourceQuality "1"]

1. e4 e6 2. d3 d5 3. Nd2 Nf6 4. Ngf3 c5 5. g3 b6 6. Bg2 Bb7 7. 0-0 Be7 8. Re1 Nc6 9. c3 Qc7 10. a3 a5 11. a4 Ba6 12. exd5 Nxd5 13. Nb3 Rd8 14. d4 0-0 15. Qc2 cxd4 16. Nbxd4 Nxd4 17. Nxd4 Bf6 18. Nb5 Bxb5 19. axb5 Nb4 20. Qe4 Nd3 21. Rf1 Nxc1 22. Rfxc1 Rd5 23. Qe2 Re5 24. Qf1 Qc5 25. Bc6 Rf5 26. Rc2 h5 27. Ra4 Rd8 28. Rc4 Qd6 29. Re2 Re5 30. Rd4 Qc7 31. Red2 Rxd4 32. cxd4 Rg5 33. f4 Rg6 34. Be4 Rg4 35. Kg2 Qe7 36. h3 Rg6 37. Bxg6 fxg6 38. Qc4 Qd6 39. Re2 Kf7 40. Qc6 Qd5+ 41. Qxd5 exd5 1-0

[Event "Angers op 14th"]
[Site "Angers"]
[Date "2019.06.01"]
[Round "3"]
[White "Stephan, Victor"]
[Black "Flachet, Thierry"]
[Result "1/2-1/2"]
[WhiteElo "2353"]
[BlackElo "2022"]
[PlyCount "125"]
[EventDate "2019.05.31"]
[EventType "swiss"]
[EventRounds "6"]
[EventCountry "FRA"]
[SourceTitle "CBM 190 Extra"]
[Source "ChessBase"]
[SourceDate "2019.07.15"]
[SourceVersion "1"]
[SourceVersionDate "2019.07.15"]
[SourceQuality "1"]

1. d4 d5 2. c4 c6 3. Nf3 Nf6 4. Nc3 a6 5. Qc2 g6 6. Bg5 Bf5 7. Qb3 b5 8. cxd5 Nxd5 9. e3 Qa5 10. Rc1 Be6 11. Qd1 Nxc3 12. bxc3 Qxa2 13. Bd3 Bb3 14. Qd2 Nd7 15. c4 Nb6 16. Be4 Rc8 17. cxb5 cxb5 18. Rxc8+ Nxc8 19. Qxa2 Bxa2 20. Bb7 Nd6 21. Bxa6 Kd7 22. 0-0 Bg7 23. Ne5+ Ke6 24. Nd3 Bc4 25. Nc5+ Kd5 26. Rd1 f6 27. e4+ Kc6 28. Be3 e6 29. f4 Rb8 30. Rc1 Rb6 31. d5+ exd5 32. exd5+ Kxd5 33. Rd1+ Kc6 34. Nd7 Rxa6 35. Nb8+ Kb7 36. Nxa6 Kxa6 37. Rxd6+ Ka5 38. Bb6+ Ka4 39. Rd7 Bf8 40. Ra7+ Kb3 41. Rxh7 Kc2 42. Rc7 Kd3 43. Rd7+ Ke4 44. Rd4+ Kf5 45. h3 Ba3 46. g4+ Ke6 47. Kh2 Bb2 48. Rd1 Bc3 49. Bc5 Bd5 50. Bd4 Bxd4 51. Rxd4 Kd6 52. h4 Kc5 53. Rd1 b4 54. Kg3 b3 55. f5 gxf5 56. g5 fxg5 57. hxg5 Kc4 58. g6 b2 59. g7 Bg8 60. Kf4 Kc3 61. Kxf5 Kc2 62. Rh1 b1Q 63. Rxb1 1/2-1/2

[Event "Sautron op 17th"]
[Site "Sautron"]
[Date "2017.10.28"]
[Round "9.4"]
[White "Flachet, Thierry"]
[Black "Bailet, Pierre"]
[Result "0-1"]
[WhiteElo "2025"]
[BlackElo "2528"]
[PlyCount "159"]
[EventDate "2017.10.22"]
[EventType "swiss"]
[EventRounds "9"]
[EventCountry "FRA"]
[SourceTitle "CBM 181 Extra"]
[Source "ChessBase"]
[SourceDate "2017.12.12"]
[SourceVersion "1"]
[SourceVersionDate "2017.12.12"]
[SourceQuality "1"]

1. Nf3 Nf6 2. c4 e6 3. d4 Bb4+ 4. Bd2 c5 5. Bxb4 cxb4 6. e3 0-0 7. Be2 d6 8. 0-0 Qe7 9. a3 bxa3 10. b4 e5 11. Rxa3 Bg4 12. Nc3 Nbd7 13. c5 exd4 14. exd4 dxc5 15. dxc5 a5 16. bxa5 Qxc5 17. Qa1 Qe7 18. h3 Bh5 19. Nd4 Bg6 20. Bf3 Ne5 21. Be2 Rfd8 22. Ncb5 Rd7 23. a6 bxa6 24. Rxa6 Rad8 25. Ra8 h6 26. Rxd8+ Rxd8 27. Re1 Qb4 28. Bf1 Qc5 29. Qc3 Qd5 30. Qb3 Qc5 31. Qc3 Qd5 32. Qb3 Qxb3 33. Nxb3 Nc6 34. Rc1 Nb4 35. N3d4 Ne4 36. Be2 Re8 37. Kf1 Ra8 38. Kg1 Ra2 39. Nc3 Rd2 40. Rd1 Rxd4 41. Rxd4 Nxc3 42. Rxb4 Nxe2+ 43. Kf1 Nc3 44. Ke1 Nd5 45. Rd4 Nf6 46. Ke2 Be4 47. f3 Bd5 48. Kf2 g6 49. Rb4 Kg7 50. Rb5 Be6 51. Ra5 g5 52. h4 gxh4 53. Ra4 h3 54. gxh3 Bxh3 55. Kg3 Be6 56. Ra5 Kg6 57. Ra4 Kg5 58. Rb4 Nh5+ 59. Kf2 Ng7 60. Ra4 Nf5 61. Rg4+ Kf6 62. Rb4 Ke5 63. Re4+ Kd6 64. Rf4 h5 65. Re4 Bd5 66. Re1 Nd4 67. f4 Nf5 68. Re5 Be6 69. Ra5 h4 70. Kg2 Nd4 71. Kf2 Bg4 72. Ke3 Nc6 73. Rb5 f5 74. Rb2 Ne7 75. Kd4 h3 76. Rf2 Ng6 77. Ke3 Nh4 78. Rf1 Bf3 79. Rf2 Bg2 80. Kd4 0-1

[Event "Sautron op 17th"]
[Site "Sautron"]
[Date "2017.10.26"]
[Round "7.4"]
[White "Sergeev, Vladimir"]
[Black "Flachet, Thierry"]
[Result "0-1"]
[WhiteElo "2417"]
[BlackElo "2025"]
[PlyCount "64"]
[EventDate "2017.10.22"]
[EventType "swiss"]
[EventRounds "9"]
[EventCountry "FRA"]
[SourceTitle "CBM 181 Extra"]
[Source "ChessBase"]
[SourceDate "2017.12.12"]
[SourceVersion "1"]
[SourceVersionDate "2017.12.12"]
[SourceQuality "1"]

1. e4 e6 2. Qe2 Be7 3. Nf3 d5 4. e5 Nh6 5. h4 c5 6. d3 Nf5 7. c3 h6 8. h5 Nc6 9. Na3 a6 10. Nc2 b5 11. g3 a5 12. Bg2 Rb8 13. Bf4 b4 14. c4 b3 15. axb3 Rxb3 16. Bc1 Ba6 17. 0-0 0-0 18. Re1 dxc4 19. dxc4 Ncd4 20. Ncxd4 Nxd4 21. Nxd4 cxd4 22. Rd1 Bc5 23. Be4 Rxg3+ 24. Kf1 d3 25. Rxd3 Rxd3 26. Bxd3 Qh4 27. Qf3 Rd8 28. Be4 Bxc4+ 29. Kg2 Rd4 30. Rxa5 Rxe4 31. Ra8+ Kh7 32. Qxe4+ Qxe4+ 0-1

[Event "Sautron op 17th"]
[Site "Sautron"]
[Date "2017.10.21"]
[Round "1.5"]
[White "Flachet, Thierry"]
[Black "Duboue, Peio"]
[Result "1/2-1/2"]
[WhiteElo "2025"]
[BlackElo "2406"]
[PlyCount "116"]
[EventDate "2017.10.22"]
[EventType "swiss"]
[EventRounds "9"]
[EventCountry "FRA"]
[SourceTitle "CBM 181 Extra"]
[Source "ChessBase"]
[SourceDate "2017.12.12"]
[SourceVersion "1"]
[SourceVersionDate "2017.12.12"]
[SourceQuality "1"]

1. Nf3 d5 2. d4 Nf6 3. c4 dxc4 4. g3 c5 5. Qa4+ Nc6 6. Bg2 cxd4 7. Nxd4 Qxd4 8. Bxc6+ Bd7 9. Bxd7+ Qxd7 10. Qxc4 Rc8 11. Qf4 h5 12. Nc3 h4 13. Qf3 g6 14. Bf4 Bg7 15. Rd1 Qc6 16. Qxc6+ Rxc6 17. 0-0 0-0 18. Be5 b5 19. Nd5 Re6 20. Bxf6 exf6 21. e3 f5 22. b3 Rc8 23. Rd2 Kf8 24. Rfd1 hxg3 25. hxg3 Rec6 26. Kf1 Be5 27. Ke2 Rc2 28. Rxc2 Rxc2+ 29. Rd2 Rxd2+ 30. Kxd2 Ke8 31. a4 bxa4 32. bxa4 Kd7 33. Kd3 Kc6 34. Kc4 Bd6 35. Nc3 Kb6 36. Nd5+ Ka5 37. Kb3 a6 38. Nc3 Bb4 39. Nd1 Bf8 40. f3 Kb6 41. Kc4 Bd6 42. g4 fxg4 43. fxg4 Be5 44. e4 Ka5 45. Kb3 Bd4 46. Kc4 Bg7 47. Kb3 Kb6 48. Kc4 Kc6 49. Nf2 Kd6 50. Nd3 Ba1 51. Kb4 Ke6 52. Ka5 Kf6 53. Kxa6 Kg5 54. Kb5 Bc3 55. Kc4 Ba5 56. Kd5 Bc3 57. Kc4 Ba5 58. Kd5 Bc3 1/2-1/2

[Event "FRA-ch Accession"]
[Site "Agen"]
[Date "2017.08.27"]
[Round "9"]
[White "Flachet, Thierry"]
[Black "Pottier, Alexandre"]
[Result "1/2-1/2"]
[WhiteElo "2104"]
[BlackElo "2127"]
[PlyCount "126"]
[EventDate "2017.08.19"]
[EventType "swiss"]
[EventRounds "9"]
[EventCountry "FRA"]
[SourceTitle "EXT 2019"]
[Source "ChessBase"]
[SourceDate "2018.10.10"]
[SourceVersion "1"]
[SourceVersionDate "2018.10.10"]
[SourceQuality "1"]

1. Nf3 d5 2. d4 e6 3. c4 a6 4. c5 b6 5. cxb6 cxb6 6. Bf4 Bd6 7. Bxd6 Qxd6 8. e3 Nf6 9. Bd3 Nbd7 10. 0-0 0-0 11. Nc3 Bb7 12. Qe2 b5 13. Rac1 Rac8 14. Rc2 Ne4 15. Rfc1 f5 16. Nd1 Rxc2 17. Rxc2 e5 18. dxe5 Nxe5 19. Nd4 f4 20. f3 fxe3 21. Qxe3 Nxd3 22. Qxd3 Nf6 23. Ne3 Rc8 24. Rxc8+ Bxc8 25. Qc3 Bd7 26. b4 Qe5 27. Qd2 h5 28. Nb3 h4 29. Qd4 Qg5 30. Nc5 Bc6 31. Kf2 h3 32. g3 Qg6 33. Nd3 Bb7 34. g4 Qh6 35. Kg3 Nd7 36. Nf5 Qg5 37. f4 Qf6 38. Qxf6 Nxf6 39. Kxh3 g6 40. Nd4 Bc8 41. Ne5 Kh7 42. Kg3 Ne4+ 43. Kf3 Nc3 44. Ke3 Nxa2 45. Nc2 Nc3 46. h3 Kg7 47. Nd3 Kf6 48. Kd4 Ne2+ 49. Kxd5 Be6+ 50. Kd6 Bc4 51. Nce1 Nd4 52. Nf2 Bf1 53. h4 Be2 54. Ned3 Nf3 55. Nc1 Bc4 56. Ne4+ Kg7 57. h5 gxh5 58. gxh5 Nd4 59. Ng3 Kf6 60. Ne4+ Kf5 61. Nc5 Kxf4 62. h6 Nf5+ 63. Kc7 Nxh6 1/2-1/2

[Event "FRA-ch Accession"]
[Site "Agen"]
[Date "2017.08.19"]
[Round "5"]
[White "Coiffait, Pierre Basile"]
[Black "Flachet, Thierry"]
[Result "1-0"]
[WhiteElo "2230"]
[BlackElo "2104"]
[PlyCount "144"]
[EventDate "2017.08.19"]
[EventType "swiss"]
[EventRounds "9"]
[EventCountry "FRA"]
[SourceTitle "EXT 2019"]
[Source "ChessBase"]
[SourceDate "2018.10.10"]
[SourceVersion "1"]
[SourceVersionDate "2018.10.10"]
[SourceQuality "1"]

1. e4 e6 2. d4 d5 3. Nd2 Nf6 4. e5 Nfd7 5. Bd3 c5 6. c3 Nc6 7. Ngf3 h6 8. 0-0 Rb8 9. Re1 b5 10. Bc2 b4 11. c4 Nb6 12. cxd5 Nxd5 13. Ba4 Bd7 14. dxc5 Bxc5 15. Qc2 Qb6 16. Ne4 Be7 17. Be3 Nxe3 18. Rxe3 0-0 19. Rd1 Be8 20. Nd6 Bxd6 21. Rxd6 Rc8 22. Re4 Qb7 23. Rc4 Ne7 24. Rxc8 Nxc8 25. Rd4 Ne7 26. h3 Bxa4 27. Qxa4 Nd5 28. Rc4 Rc8 29. Qc2 Rd8 30. Qc1 Qa6 31. Rg4 Kh8 32. Qc4 Qb7 33. Qc2 Qa6 34. Qc4 Qb7 35. Qd3 Rc8 36. Rc4 Rd8 37. Rg4 Qc6 38. Qd1 Rc8 39. Rd4 Qc2 40. Rd2 Qxd1+ 41. Rxd1 Rc2 42. Rb1 Kg8 43. g3 Kf8 44. Kf1 Ke7 45. Nd4 Rc4 46. Rd1 a6 47. Ke2 Rc5 48. Nb3 Rc7 49. Kd3 Nb6 50. Rc1 Rxc1 51. Nxc1 Kd7 52. Kd4 Kc6 53. Nd3 a5 54. Nc5 Nd5 55. Ne4 Nc7 56. Nd6 f6 57. Nc4 Nb5+ 58. Kd3 a4 59. Nd6 Nc7 60. Kc4 fxe5 61. Nf7 e4 62. Kxb4 Kd5 63. Kxa4 Kd4 64. b4 Kd3 65. b5 Nd5 66. Ka5 Ke2 67. Nd6 Kxf2 68. Nxe4+ Kf3 69. Nc5 e5 70. b6 Ne7 71. b7 Nc6+ 72. Kb6 Nb8 1-0

[Event "Avoine op 32nd"]
[Site "Avoine"]
[Date "2017.07.29"]
[Round "8"]
[White "Djidjeli, Sarah"]
[Black "Flachet, Thierry"]
[Result "1/2-1/2"]
[WhiteElo "1865"]
[BlackElo "2128"]
[PlyCount "93"]
[EventDate "2017.07.22"]
[EventType "swiss"]
[EventRounds "9"]
[EventCountry "FRA"]
[SourceTitle "CBM 179 Extra"]
[Source "ChessBase"]
[SourceDate "2017.08.23"]
[SourceVersion "1"]
[SourceVersionDate "2017.08.23"]
[SourceQuality "1"]

1. e4 e6 2. d4 d5 3. Nc3 Nf6 4. Bd3 dxe4 5. Nxe4 Bd7 6. Nf3 Bc6 7. Qe2 Be7 8. c3 0-0 9. Nxf6+ Bxf6 10. 0-0 Nd7 11. Bf4 Bxf3 12. Qxf3 c6 13. Rad1 Qa5 14. a3 Rfd8 15. Rfe1 Nf8 16. Qg3 Rac8 17. Be4 Ng6 18. Bxg6 hxg6 19. Be5 Be7 20. h4 Bf8 21. b4 Qd5 22. Qd3 b5 23. Ra1 Ra8 24. a4 a6 25. Qe2 Qb3 26. axb5 axb5 27. Qf3 Qd5 28. Qxd5 cxd5 29. Ra5 Rac8 30. Re3 Rc6 31. Rxb5 Rdc8 32. Kf1 Be7 33. g3 Rxc3 34. Rxc3 Rxc3 35. Rb7 Bf6 36. Ke2 Rb3 37. b5 Bxe5 38. dxe5 Kh7 39. b6 g5 40. h5 g4 41. Rxf7 Rxb6 42. Rf4 Rb2+ 43. Ke3 Rb3+ 44. Ke2 Rb2+ 45. Ke3 Rb3+ 46. Ke2 Rb2+ 47. Ke3 1/2-1/2

[Event "Avoine op 32nd"]
[Site "Avoine"]
[Date "2017.07.28"]
[Round "7"]
[White "Flachet, Thierry"]
[Black "Gauclain, Loic"]
[Result "0-1"]
[WhiteElo "2128"]
[BlackElo "1832"]
[PlyCount "70"]
[EventDate "2017.07.22"]
[EventType "swiss"]
[EventRounds "9"]
[EventCountry "FRA"]
[SourceTitle "CBM 179 Extra"]
[Source "ChessBase"]
[SourceDate "2017.08.23"]
[SourceVersion "1"]
[SourceVersionDate "2017.08.23"]
[SourceQuality "1"]

1. Nf3 f5 2. c4 Nf6 3. g3 e6 4. Bg2 c6 5. 0-0 d5 6. d4 Bd6 7. b3 Qe7 8. Bb2 0-0 9. Nc3 Bd7 10. Nd2 Be8 11. Nf3 Nbd7 12. a4 a5 13. Qc1 Ne4 14. Nd2 Bh5 15. e3 Qg5 16. f4 Qh6 17. Ndxe4 fxe4 18. Ba3 Bxa3 19. Rxa3 Bg4 20. Rf2 Qh5 21. Qf1 Rf6 22. Raa2 Raf8 23. Qe1 Rh6 24. Bh1 Nf6 25. Rab2 Bf5 26. Na2 Ng4 27. Rfd2 g5 28. Rg2 gxf4 29. gxf4 Kh8 30. cxd5 exd5 31. b4 Nxh2 32. Rxh2 Rg8+ 33. Kf1 Bh3+ 34. Rxh3 Qxh3+ 35. Bg2 Qxg2+ 0-1

[Event "Avoine op 32nd"]
[Site "Avoine"]
[Date "2017.07.22"]
[Round "3"]
[White "Flachet, Thierry"]
[Black "Rioland, Paul"]
[Result "1/2-1/2"]
[WhiteElo "2128"]
[BlackElo "1872"]
[PlyCount "45"]
[EventDate "2017.07.22"]
[EventType "swiss"]
[EventRounds "9"]
[EventCountry "FRA"]
[SourceTitle "CBM 179 Extra"]
[Source "ChessBase"]
[SourceDate "2017.08.23"]
[SourceVersion "1"]
[SourceVersionDate "2017.08.23"]
[SourceQuality "1"]

1. Nf3 Nf6 2. c4 e6 3. g3 b6 4. Bg2 Bb7 5. 0-0 c5 6. Nc3 Be7 7. Re1 d5 8. Ne5 0-0 9. d4 Nc6 10. Nxc6 Bxc6 11. Bg5 cxd4 12. Qxd4 Rc8 13. cxd5 Nxd5 14. Bxe7 Nxe7 15. Qb4 Bxg2 16. Kxg2 Nd5 17. Nxd5 Qxd5+ 18. e4 Qc5 19. Qxc5 Rxc5 20. Rac1 Rfc8 21. Rxc5 Rxc5 22. Rd1 g5 23. Rd2 1/2-1/2

[Event "Fontenay le Comte Pohu Cup 16th"]
[Site "Fontenay le Comte"]
[Date "2017.06.05"]
[Round "6"]
[White "Galan, Francois"]
[Black "Flachet, Thierry"]
[Result "1/2-1/2"]
[WhiteElo "2089"]
[BlackElo "2109"]
[PlyCount "28"]
[EventDate "2017.06.03"]
[EventType "swiss"]
[EventRounds "7"]
[EventCountry "FRA"]
[SourceTitle "EXT 2018"]
[Source "ChessBase"]
[SourceDate "2017.10.13"]
[SourceVersion "1"]
[SourceVersionDate "2017.10.13"]
[SourceQuality "1"]

1. e4 e6 2. d4 d5 3. Nc3 Nf6 4. Bg5 Bb4 5. e5 h6 6. Bc1 Ne4 7. Qg4 g6 8. Nge2 c5 9. a3 Qa5 10. axb4 Qxa1 11. Nxe4 dxe4 12. bxc5 Bd7 13. Qxe4 Bc6 14. Qe3 Na6 1/2-1/2

[Event "Fontenay le Comte Pohu Cup 16th"]
[Site "Fontenay le Comte"]
[Date "2017.06.04"]
[Round "2"]
[White "Treguer, Pierig"]
[Black "Flachet, Thierry"]
[Result "0-1"]
[WhiteElo "1961"]
[BlackElo "2109"]
[PlyCount "46"]
[EventDate "2017.06.03"]
[EventType "swiss"]
[EventRounds "7"]
[EventCountry "FRA"]
[SourceTitle "EXT 2018"]
[Source "ChessBase"]
[SourceDate "2017.10.13"]
[SourceVersion "1"]
[SourceVersionDate "2017.10.13"]
[SourceQuality "1"]

1. e4 e6 2. d4 d5 3. Nd2 Nf6 4. e5 Nfd7 5. f4 c5 6. c3 Nc6 7. Ndf3 cxd4 8. cxd4 b5 9. Bd3 Qb6 10. Ne2 b4 11. Be3 g6 12. 0-0 Ba6 13. Bxa6 Qxa6 14. Qd2 Be7 15. Rac1 Rc8 16. b3 0-0 17. f5 exf5 18. Bh6 Rfe8 19. Nf4 Nb6 20. Qe3 Nd8 21. Ng5 Rxc1 22. Rxc1 Qb7 23. Nxf7 Nxf7 0-1

[Event "Nantes op 14th"]
[Site "Nantes"]
[Date "2015.12.29"]
[Round "4"]
[White "Rihouay, Clement"]
[Black "Flachet, Thierry"]
[Result "1-0"]
[WhiteElo "2235"]
[BlackElo "2153"]
[PlyCount "75"]
[EventDate "2015.12.27"]
[EventType "swiss"]
[EventRounds "7"]
[EventCountry "FRA"]
[SourceTitle "CBM 170 Extra"]
[Source "ChessBase"]
[SourceDate "2016.02.25"]
[SourceVersion "1"]
[SourceVersionDate "2016.02.25"]
[SourceQuality "1"]

1. d4 d5 2. c4 c6 3. Nf3 Nf6 4. e3 a6 5. Be2 Bf5 6. 0-0 e6 7. Qb3 b6 8. Bd2 Be7 9. a4 0-0 10. Rc1 Ne4 11. Bb4 c5 12. dxc5 bxc5 13. Ba3 Nc6 14. cxd5 exd5 15. Nc3 Be6 16. Qd1 f5 17. g3 g5 18. Ne1 d4 19. Nxe4 fxe4 20. exd4 Nxd4 21. Bc4 Bxc4 22. Rxc4 Qd5 23. Rxd4 cxd4 24. Bxe7 Rf7 25. Ba3 Qf5 26. Qe2 Re8 27. Ng2 Re6 28. Rc1 Ref6 29. Rc5 Qg6 30. Rc8+ Kg7 31. Bc5 Qf5 32. Bxd4 Qxc8 33. Ne3 Kg8 34. Bxf6 Rxf6 35. Nd5 Re6 36. Qg4 Qc1+ 37. Kg2 Kf7 38. Qf5+ 1-0

[Event "Nantes op 14th"]
[Site "Nantes"]
[Date "2015.12.27"]
[Round "1"]
[White "Flachet, Thierry"]
[Black "De Hargues, Remi"]
[Result "1-0"]
[WhiteElo "2153"]
[BlackElo "1558"]
[PlyCount "57"]
[EventDate "2015.12.27"]
[EventType "swiss"]
[EventRounds "7"]
[EventCountry "FRA"]
[SourceTitle "CBM 170 Extra"]
[Source "ChessBase"]
[SourceDate "2016.02.25"]
[SourceVersion "1"]
[SourceVersionDate "2016.02.25"]
[SourceQuality "1"]

1. Nf3 d5 2. d4 Nf6 3. c4 e6 4. Bg5 Be7 5. Nbd2 0-0 6. e3 a6 7. Bd3 dxc4 8. Nxc4 b5 9. Nce5 Bb7 10. 0-0 Nbd7 11. Qc2 h6 12. Bxf6 Nxf6 13. Rac1 Rc8 14. Nc6 Bxc6 15. Qxc6 Qd6 16. Ne5 Nd5 17. a3 Nb6 18. Rc2 Bf6 19. Qe4 Rfe8 20. Nc6 g6 21. f4 Bg7 22. Rfc1 Nd5 23. b4 Nf6 24. Qf3 Nd5 25. Kh1 Ra8 26. Rc5 Rec8 27. Be4 Nf6 28. Ne7+ Qxe7 29. Bxa8 1-0

[Event "Sautron op 15th"]
[Site "Sautron"]
[Date "2015.10.23"]
[Round "3.43"]
[White "Henry, Florent"]
[Black "Flachet, Thierry"]
[Result "1/2-1/2"]
[WhiteElo "1908"]
[BlackElo "2153"]
[PlyCount "138"]
[EventDate "2015.10.24"]
[EventType "swiss"]
[EventRounds "9"]
[EventCountry "FRA"]
[SourceTitle "EXT 2019"]
[Source "ChessBase"]
[SourceDate "2018.10.10"]
[SourceVersion "1"]
[SourceVersionDate "2018.10.10"]
[SourceQuality "1"]

1. e4 e6 2. d4 d5 3. Nc3 Nf6 4. Bg5 Bb4 5. e5 h6 6. Be3 Ne4 7. Nge2 c5 8. a3 cxd4 9. Bxd4 Nxc3 10. Nxc3 Be7 11. Qg4 g6 12. f4 Nc6 13. Bf2 Qa5 14. Kd1 Bd7 15. Bd3 Nb4 16. Qf3 Nxd3 17. Qxd3 Rc8 18. Kd2 a6 19. b4 Qc7 20. Bd4 Qc4 21. Qxc4 Rxc4 22. Ne2 Bb5 23. a4 Bd7 24. c3 0-0 25. h4 Kh7 26. g4 f6 27. Ke3 fxe5 28. fxe5 Kg7 29. Nc1 Rf7 30. Nb3 Rc8 31. Bc5 Bd8 32. Bd4 b6 33. Nc1 Bc7 34. Nd3 Rcf8 35. Ke2 Bd8 36. Rh3 Be8 37. a5 bxa5 38. Bc5 Rg8 39. bxa5 Bb5 40. Ke3 Bxd3 41. Kxd3 Rf4 42. Rb1 Bxa5 43. Rb7+ Rf7 44. Be7 Rc8 45. Ke2 Kg8 46. Rf3 Rxf3 47. Kxf3 Rxc3+ 48. Kg2 Rc7 49. Rb8+ Kf7 50. Bd6 Rd7 51. Rf8+ Kg7 52. Ra8 Bd8 53. Rxa6 Bxh4 54. Kf3 Be7 55. Bxe7 Rxe7 56. Ke3 Kf7 57. Ra2 Rb7 58. Rf2+ Ke7 59. Rf6 Rb4 60. Rxg6 Re4+ 61. Kf3 Rxe5 62. Rxh6 d4 63. Kf4 Re1 64. g5 d3 65. Rh7+ Ke8 66. Rh8+ Kf7 67. Rd8 e5+ 68. Kf5 e4 69. Rd4 Ke8 1/2-1/2

[Event "Nantes op 13th"]
[Site "Nantes"]
[Date "2014.12.30"]
[Round "6"]
[White "Flachet, Thierry"]
[Black "Bellaiche, Guy"]
[Result "1-0"]
[WhiteElo "2117"]
[BlackElo "1794"]
[PlyCount "71"]
[EventDate "2014.12.27"]
[EventType "swiss"]
[EventRounds "7"]
[EventCountry "FRA"]
[SourceTitle "EXT 2016"]
[Source "ChessBase"]
[SourceDate "2015.10.08"]
[SourceVersion "1"]
[SourceVersionDate "2015.10.08"]
[SourceQuality "1"]

1. Nf3 Nf6 2. c4 e6 3. d4 d5 4. Bg5 Nbd7 5. Nbd2 Be7 6. Rc1 0-0 7. e3 b6 8. Bd3 Bb7 9. 0-0 c5 10. Qe2 Rc8 11. Rfd1 Re8 12. Ne5 Nxe5 13. dxe5 Nd7 14. Bxe7 Qxe7 15. f4 f6 16. exf6 Qxf6 17. Nf3 e5 18. fxe5 Nxe5 19. cxd5 Nxd3 20. Qxd3 Qxb2 21. Rc2 Qf6 22. e4 Rcd8 23. Rcd2 a6 24. Qe3 Ba8 25. Ng5 c4 26. Ne6 Rb8 27. Rf2 Qe7 28. Rdf1 Rb7 29. Rf8+ Rxf8 30. Rxf8+ Qxf8 31. Nxf8 Kxf8 32. e5 b5 33. e6 Ke7 34. Qe5 b4 35. d6+ Ke8 36. d7+ 1-0

[Event "Sautron op 14th"]
[Site "Sautron"]
[Date "2014.10.25"]
[Round "1"]
[White "Flachet, Thierry"]
[Black "Haub, Thorsten Michael"]
[Result "0-1"]
[WhiteElo "2124"]
[BlackElo "2444"]
[PlyCount "77"]
[EventDate "2014.10.26"]
[EventType "swiss"]
[EventRounds "9"]
[EventCountry "FRA"]
[SourceTitle "EXT 2015"]
[Source "ChessBase"]
[SourceDate "2014.11.20"]
[SourceVersion "1"]
[SourceVersionDate "2014.11.20"]
[SourceQuality "1"]

1. Nf3 g6 2. c4 Bg7 3. e4 d6 4. d4 Bg4 5. Be2 Nc6 6. Be3 Bxf3 7. Bxf3 e5 8. d5 Nd4 9. Qa4+ Qd7 10. Qxd7+ Kxd7 11. Bd1 c5 12. dxc6+ bxc6 13. Nc3 Rb8 14. Rb1 f5 15. f3 Bh6 16. Kd2 Bxe3+ 17. Kxe3 Nf6 18. Ne2 Nxe2 19. Bxe2 c5 20. Rhd1 Ke7 21. Rd3 Rb6 22. Ra3 a6 23. b3 f4+ 24. Kf2 Nd7 25. Ra4 Rhb8 26. g3 Nf8 27. Bd1 Ne6 28. a3 Nd4 29. b4 Nc6 30. Rc1 cxb4 31. axb4 Nxb4 32. Ke2 Nc6 33. Kd3 Rb2 34. Kc3 Rxh2 35. gxf4 exf4 36. Rxa6 Ne5 37. Ra7+ Ke6 38. Rca1 Rh3 39. Kd4 0-1

[Event "Sautron op 14th"]
[Site "Sautron"]
[Date "2014.10.25"]
[Round "6"]
[White "Sochacki, Christophe"]
[Black "Flachet, Thierry"]
[Result "1-0"]
[WhiteElo "2412"]
[BlackElo "2124"]
[PlyCount "47"]
[EventDate "2014.10.26"]
[EventType "swiss"]
[EventRounds "9"]
[EventCountry "FRA"]
[SourceTitle "EXT 2015"]
[Source "ChessBase"]
[SourceDate "2014.11.20"]
[SourceVersion "1"]
[SourceVersionDate "2014.11.20"]
[SourceQuality "1"]

1. e4 e6 2. d4 d5 3. Nc3 Nf6 4. Bg5 Bb4 5. e5 h6 6. Be3 Ne4 7. Qg4 g6 8. a3 Bxc3+ 9. bxc3 c5 10. Bd3 h5 11. Qf4 g5 12. Qf3 Nxc3 13. dxc5 d4 14. Bd2 Bd7 15. Qg3 Bc6 16. Bxg5 h4 17. Qf4 Nd5 18. Qg4 Rg8 19. Nf3 Ne3 20. fxe3 Bxf3 21. Qxf3 Rxg5 22. 0-0 Qe7 23. Bb5+ Kf8 24. exd4 1-0